000 00751nam a2200217 i 4500
001 75714
003 ES-MaACL
005 20250818131139.0
008 040927s1970 sp f |||| | spa d
080 _a944"1940/45"
245 0 4 _aLos grandes "enigmas" de la ocupación /
_cpresentado por Jean Dumont.
250 _aEd. reservada a Los Amigos de la Historia.
260 _a[Madrid] :
_bCírculo de Amigos de la Historia,
_c[1970]
300 _a3 v. :
_b36 lám. ;
_c18 cm.
650 0 4 _aGuerra mundial, 1939-1945-
_xResistencia-
_zFrancia.
_9139487
651 4 _aFrancia-
_xHistoria-
_y1940-1945, Ocupación alemana.
_9139486
700 1 _aDumont, Jean.
_946008
700 2 _a
_9241864
852 _aES-MaACL
_jC-40648-50
999 _c75714
_d75714